[Event "Ruhrgebiet Verbandsliga Gruppe 2 1617"]
[Site "Germany"]
[Date "2017.02.19"]
[Round "7.3"]
[White "Gunkel, Christian"]
[Black "Frohne, Gerd"]
[Result "0-1"]
[WhiteElo "1971"]
[BlackElo "2030"]
[PlyCount "42"]
[EventDate "2016.09.04"]
[EventType "team-tourn"]
[EventRounds "9"]
[EventCountry "GER"]
[SourceTitle "EXT 2022"]
[Source "ChessBase"]
[SourceDate "2021.10.06"]
[SourceVersion "1"]
[SourceVersionDate "2021.10.06"]
[SourceQuality "1"]
[WhiteTeam "Essen Listiger Bauer"]
[BlackTeam "Gladbeck SG"]
[WhiteTeamCountry "GER"]
[BlackTeamCountry "GER"]

1. d4 e6 2. e4 d5 3. Nd2 Nf6 4. e5 Nfd7 5. Bd3 c5 6. c3 Nc6 7. Ne2 cxd4 8. cxd4 f6 9. exf6 Nxf6 10. 0-0 Bd6 11. Nf3 Qc7 12. a3 0-0 13. Ng3 Bd7 14. b4 e5 15. dxe5 Nxe5 16. Nxe5 Bxe5 17. Rb1 Ng4 18. Qc2 Qxc2 19. Bxc2 Bb5 20. Rd1 Rxf2 21. Bb3 Bc4 0-1

[Event "Ruhrgebiet Verbandsklasse Gruppe 1 1516"]
[Site "Germany"]
[Date "2015.12.20"]
[Round "5.2"]
[White "Thon, Manfred"]
[Black "Gunkel, Christian"]
[Result "1/2-1/2"]
[WhiteElo "1889"]
[BlackElo "1980"]
[PlyCount "58"]
[EventDate "2015.09.06"]
[EventType "team-tourn"]
[EventRounds "9"]
[EventCountry "GER"]
[SourceTitle "EXT 2022"]
[Source "ChessBase"]
[SourceDate "2021.10.06"]
[SourceVersion "1"]
[SourceVersionDate "2021.10.06"]
[SourceQuality "1"]
[WhiteTeam "Wattenscheid SV IV"]
[BlackTeam "Essen Listiger Bauer"]
[WhiteTeamCountry "GER"]
[BlackTeamCountry "GER"]

1. d4 Nf6 2. c4 g6 3. Nc3 Bg7 4. e4 d6 5. Be2 0-0 6. Be3 Nc6 7. Qd2 e5 8. d5 Ne7 9. f3 b6 10. g4 a5 11. Bd1 Nd7 12. Bg5 Nc5 13. Bc2 f6 14. Bh4 Rf7 15. Qg2 Bd7 16. Nge2 Qf8 17. 0-0-0 Rb8 18. Nb5 Bxb5 19. cxb5 Bh6+ 20. Kb1 Qe8 21. a4 Bg7 22. Nc3 Qd7 23. Rhg1 Rbf8 24. Rdf1 Kh8 25. Ka2 Bh6 26. b3 Be3 27. Bf2 Bh6 28. Bh4 Be3 29. Bf2 Bh6 1/2-1/2

[Event "Ruhrgebiet Verbandsklasse Gruppe 1 1516"]
[Site "Germany"]
[Date "2015.09.06"]
[Round "1.2"]
[White "Gunkel, Christian"]
[Black "Poetter, Clemens"]
[Result "0-1"]
[WhiteElo "1980"]
[BlackElo "1992"]
[PlyCount "94"]
[EventDate "2015.09.06"]
[EventType "team-tourn"]
[EventRounds "9"]
[EventCountry "GER"]
[SourceTitle "EXT 2022"]
[Source "ChessBase"]
[SourceDate "2021.10.06"]
[SourceVersion "1"]
[SourceVersionDate "2021.10.06"]
[SourceQuality "1"]
[WhiteTeam "Essen Listiger Bauer"]
[BlackTeam "Borbeck Weisse Dame II"]
[WhiteTeamCountry "GER"]
[BlackTeamCountry "GER"]

1. d4 Nf6 2. Bf4 d6 3. c4 c6 4. Nc3 g6 5. e4 Bg7 6. Qd2 h6 7. f3 Nbd7 8. Nge2 a6 9. g4 b5 10. Ng3 bxc4 11. Bxc4 Nb6 12. Be2 Be6 13. b3 Qc8 14. Rc1 Qb7 15. 0-0 h5 16. g5 Nfd7 17. Rfd1 0-0 18. Nf1 Rfc8 19. Bg3 d5 20. Bf2 a5 21. Ne3 a4 22. Rb1 axb3 23. axb3 Qc7 24. e5 Bh3 25. f4 e6 26. Rdc1 Bf8 27. b4 Qb7 28. Be1 Na4 29. Nxa4 Rxa4 30. Bd1 Ra3 31. Rc3 Rxc3 32. Qxc3 Bf5 33. Nxf5 exf5 34. Bc2 Be7 35. Bd3 Nf8 36. Bd2 Ne6 37. Rc1 Qb6 38. Kf2 Qxd4+ 39. Qxd4 Nxd4 40. Be3 Ne6 41. Ba6 Rb8 42. Rxc6 Rxb4 43. Kf3 Rb3 44. Kf2 Rb2+ 45. Kg3 d4 46. Bc1 Rb3+ 47. Kf2 Nc5 0-1

[Event "Ruhrgebiet Verbandsklasse Gruppe 1 1415"]
[Site "Germany"]
[Date "2015.04.26"]
[Round "9.2"]
[White "Butschek, Marc"]
[Black "Gunkel, Christian"]
[Result "1-0"]
[WhiteElo "1988"]
[BlackElo "1980"]
[PlyCount "81"]
[EventDate "2014.09.21"]
[EventType "team-tourn"]
[EventRounds "9"]
[EventCountry "GER"]
[SourceTitle "EXT 2022"]
[Source "ChessBase"]
[SourceDate "2021.10.06"]
[SourceVersion "1"]
[SourceVersionDate "2021.10.06"]
[SourceQuality "1"]
[WhiteTeam "Bochum SG IV"]
[BlackTeam "Essen Listiger Bauer"]
[WhiteTeamCountry "GER"]
[BlackTeamCountry "GER"]

1. e4 c5 2. c3 d5 3. exd5 Qxd5 4. d4 Nc6 5. Nf3 e6 6. Be3 cxd4 7. Nxd4 a6 8. Qf3 Qxf3 9. Nxf3 Nf6 10. a4 Be7 11. Nbd2 Nd5 12. Nc4 0-0 13. Nb6 Nxb6 14. Bxb6 Bf6 15. Be2 e5 16. 0-0 Re8 17. Nd2 Bf5 18. Nc4 Bd8 19. Bc5 Bc7 20. Bd6 Bd8 21. Rfd1 Bc2 22. Rd2 Bg6 23. Bc5 Be7 24. Nd6 Bxd6 25. Bxd6 Rad8 26. Rad1 h5 27. Bc7 Rxd2 28. Rxd2 Re7 29. Bb6 e4 30. b4 Ne5 31. c4 Nd3 32. b5 axb5 33. cxb5 f6 34. a5 Re8 35. Rc2 Nf4 36. Bc4+ Kh7 37. Be3 Nd3 38. a6 bxa6 39. bxa6 f5 40. g3 Rb8 41. a7 1-0

[Event "Ruhrgebiet Verbandsklasse Gruppe 1 1415"]
[Site "Germany"]
[Date "2015.02.08"]
[Round "6"]
[White "Zelt, Jens"]
[Black "Gunkel, Christian"]
[Result "1/2-1/2"]
[WhiteElo "2004"]
[BlackElo "2009"]
[PlyCount "59"]
[EventDate "2014.09.21"]
[EventType "team-tourn"]
[EventRounds "9"]
[EventCountry "GER"]
[SourceTitle "EXT 2022"]
[Source "ChessBase"]
[SourceDate "2021.10.06"]
[SourceVersion "1"]
[SourceVersionDate "2021.10.06"]
[SourceQuality "1"]
[WhiteTeam "Dortmund Hansa III"]
[BlackTeam "Essen Listiger Bauer"]
[WhiteTeamCountry "GER"]
[BlackTeamCountry "GER"]

1. d4 d5 2. Nf3 c6 3. Bf4 Bf5 4. c3 Nd7 5. Nbd2 e6 6. e3 h6 7. h3 Ngf6 8. Be2 Be7 9. Qb3 b5 10. a4 a6 11. axb5 cxb5 12. 0-0 0-0 13. Ne5 Nxe5 14. Bxe5 Nd7 15. Bg3 Nb6 16. Rfe1 Bg6 17. Ra2 Qc8 18. Rea1 Rd8 19. Qd1 Qb7 20. Nb3 Na4 21. Nc1 Rdc8 22. Qb3 Nb6 23. Nd3 f6 24. Nb4 Bxb4 25. Qxb4 Bf7 26. Ra5 Nc4 27. Bxc4 dxc4 28. f3 Rc6 29. Qa3 Kh7 30. Kf2 1/2-1/2

[Event "NRW Verbandsliga Group1 1314"]
[Site "Nordrheinwestfalen"]
[Date "2014.01.26"]
[Round "6.3"]
[White "Kemna, Guido"]
[Black "Gunkel, Christian"]
[Result "1-0"]
[WhiteElo "2117"]
[BlackElo "2009"]
[PlyCount "63"]
[EventDate "2013.09.08"]
[EventType "team-tourn"]
[EventRounds "9"]
[EventCountry "GER"]
[SourceTitle "EXT 2020"]
[Source "ChessBase"]
[SourceDate "2019.10.17"]
[SourceVersion "1"]
[SourceVersionDate "2019.10.17"]
[SourceQuality "1"]
[WhiteTeam "Welper SV"]
[BlackTeam "Listiger Bauer Essen"]
[WhiteTeamCountry "GER"]
[BlackTeamCountry "GER"]

1. e4 c5 2. Nf3 d6 3. Bb5+ Nd7 4. 0-0 a6 5. Bxd7+ Bxd7 6. c4 Nf6 7. d3 e6 8. Nc3 Be7 9. Re1 0-0 10. a4 b6 11. d4 Qc7 12. b3 Rad8 13. h3 Bc8 14. d5 e5 15. Nh2 Nd7 16. g4 Kh8 17. Ne2 g6 18. Ng3 Rg8 19. Kg2 Nf8 20. Qf3 f6 21. Nhf1 Bd7 22. Ne3 Rb8 23. h4 b5 24. axb5 axb5 25. h5 bxc4 26. bxc4 Rb3 27. Qd1 Qb7 28. Rh1 Kg7 29. hxg6 hxg6 30. Nef5+ gxf5 31. gxf5 Bd8 32. Qh5 1-0

[Event "NRW Verbandsliga Group1 1314"]
[Site "Nordrheinwestfalen"]
[Date "2013.12.15"]
[Round "5.2"]
[White "Torres Kuckel, Rafael"]
[Black "Gunkel, Christian"]
[Result "1-0"]
[WhiteElo "2189"]
[BlackElo "2009"]
[PlyCount "119"]
[EventDate "2013.09.08"]
[EventType "team-tourn"]
[EventRounds "9"]
[EventCountry "GER"]
[SourceTitle "EXT 2020"]
[Source "ChessBase"]
[SourceDate "2019.10.17"]
[SourceVersion "1"]
[SourceVersionDate "2019.10.17"]
[SourceQuality "1"]
[WhiteTeam "Ahlen SV"]
[BlackTeam "Listiger Bauer Essen"]
[WhiteTeamCountry "GER"]
[BlackTeamCountry "GER"]

1. e4 e6 2. d4 d5 3. Nc3 Nf6 4. Bg5 dxe4 5. Nxe4 Nbd7 6. Bd3 h6 7. Nxf6+ Nxf6 8. Bh4 Be7 9. Nf3 c6 10. c3 Qb6 11. Qe2 Bd7 12. Ne5 Rd8 13. Nc4 Qc7 14. Bg3 Qc8 15. Nd6+ Bxd6 16. Bxd6 b6 17. Ba6 Qa8 18. Bc7 0-0 19. Bxd8 Rxd8 20. 0-0 Qb8 21. Bd3 c5 22. dxc5 bxc5 23. Bc4 Nd5 24. Bxd5 exd5 25. Qe7 Qb6 26. b4 cxb4 27. cxb4 Be6 28. Rac1 Rb8 29. a3 a6 30. Rc5 Kh7 31. h3 Rb7 32. Qh4 Qd6 33. Rd1 Rd7 34. Qd4 Qb6 35. Qd3+ g6 36. Qd4 Rd6 37. Qe5 Qd8 38. Rd4 Rb6 39. f4 Rb5 40. Kh2 Qb6 41. Qc7 Kg7 42. Kg3 Qb8 43. Qxb8 Rxb8 44. Rc6 Ra8 45. Kf3 h5 46. Rd2 Ra7 47. Ke3 Kf8 48. Kd4 Ke7 49. Rdc2 Kd7 50. R2c3 Ra8 51. Rc7+ Kd8 52. Ke5 Rb8 53. g4 hxg4 54. hxg4 Rb5 55. R3c5 Bxg4 56. Rxf7 Rb6 57. Rxd5+ Ke8 58. Rf6 Rxf6 59. Kxf6 Bf5 60. Rxf5 1-0

[Event "NRW Verbandsliga Group1 1314"]
[Site "Nordrheinwestfalen"]
[Date "2013.11.24"]
[Round "4.2"]
[White "Gunkel, Christian"]
[Black "Gockel, Mirco"]
[Result "1/2-1/2"]
[WhiteElo "2009"]
[BlackElo "2014"]
[PlyCount "47"]
[EventDate "2013.09.08"]
[EventType "team-tourn"]
[EventRounds "9"]
[EventCountry "GER"]
[SourceTitle "EXT 2020"]
[Source "ChessBase"]
[SourceDate "2019.10.17"]
[SourceVersion "1"]
[SourceVersionDate "2019.10.17"]
[SourceQuality "1"]
[WhiteTeam "Listiger Bauer Essen"]
[BlackTeam "Essen Werden"]
[WhiteTeamCountry "GER"]
[BlackTeamCountry "GER"]

1. Nf3 c5 2. c4 g6 3. Nc3 Bg7 4. d4 cxd4 5. Nxd4 Nc6 6. e3 Nf6 7. Be2 0-0 8. Bf3 Ne5 9. Be2 d5 10. cxd5 Nxd5 11. Qb3 Nxc3 12. Qxc3 Nc6 13. 0-0 Nxd4 14. exd4 Qxd4 15. Qa3 e5 16. Be3 Qe4 17. Rfd1 Qh4 18. Rac1 Rd8 19. g3 Qf6 20. Rxd8+ Qxd8 21. Rd1 Qc7 22. Rc1 Qd8 23. Rd1 Qc7 24. Rc1 1/2-1/2

[Event "Ruhrgebiet VK3 0910"]
[Site "Ruhrgebiet"]
[Date "2009.11.08"]
[Round "3.2"]
[White "Kuerten, Hans Juergen"]
[Black "Gunkel, Christian"]
[Result "0-1"]
[WhiteElo "1980"]
[BlackElo "2064"]
[PlyCount "120"]
[EventDate "2009.09.06"]
[EventType "team"]
[EventRounds "9"]
[EventCountry "GER"]
[SourceTitle "EXT 2011"]
[Source "ChessBase"]
[SourceDate "2010.11.26"]
[SourceVersion "1"]
[SourceVersionDate "2010.11.26"]
[SourceQuality "1"]
[WhiteTeam "Haltern"]
[BlackTeam "Listiger Bauer"]
[WhiteTeamCountry "GER"]
[BlackTeamCountry "GER"]

1. d4 Nf6 2. c4 e6 3. Nc3 Bb4 4. e3 0-0 5. Nge2 d5 6. a3 Bxc3+ 7. Nxc3 b6 8. Bd3 Bb7 9. Qf3 Nbd7 10. cxd5 exd5 11. 0-0 Re8 12. Qh3 a6 13. Re1 c5 14. Bd2 Nf8 15. Rad1 Qc7 16. f3 Rad8 17. b4 Ng6 18. g3 Qd6 19. bxc5 bxc5 20. Na4 c4 21. Bb4 Qc6 22. Bc2 h6 23. Nc5 Bc8 24. Qg2 Qc7 25. Ba4 Re7 26. Qd2 Qa7 27. Ba5 Rf8 28. Rb1 Bf5 29. Rb6 Bc8 30. Reb1 h5 31. R1b2 h4 32. g4 Nh7 33. Rd6 Ng5 34. Kf2 Qa8 35. Bd8 Be6 36. Bxe7 Nxe7 37. Rxa6 Qc8 38. Bd1 f5 39. Rbb6 Rf6 40. Kg2 fxg4 41. Qa5 gxf3+ 42. Kf2 Nh3+ 43. Kf1 Qc7 44. Rb8+ Qxb8 45. Ra8 Qxa8 46. Qxa8+ Kf7 47. Ba4 Bc8 48. Bd7 Rb6 49. Bxh3 Bxh3+ 50. Kf2 Bg4 51. Na4 Rb3 52. Qh8 Rxa3 53. Qxh4 Ra2+ 54. Kg1 f2+ 55. Kf1 Nf5 56. Qxf2 Rxf2+ 57. Kxf2 Nd6 58. Kg3 Be6 59. Kf3 Ne4 60. Ke2 Bg4+ 0-1

[Event "Mittelfrankenliga-B1 0607"]
[Site "Mittelfranken"]
[Date "2007.01.14"]
[Round "4.2"]
[White "Gunkel, Christian"]
[Black "Liepold, Stefan"]
[Result "0-1"]
[WhiteElo "2052"]
[BlackElo "2254"]
[PlyCount "50"]
[EventDate "2006.10.22"]
[EventType "team-tourn"]
[EventRounds "9"]
[EventCountry "GER"]
[SourceTitle "EXT 2011"]
[Source "ChessBase"]
[SourceDate "2010.11.26"]
[SourceVersion "1"]
[SourceVersionDate "2010.11.26"]
[SourceQuality "1"]
[WhiteTeam "Schwabach"]
[BlackTeam "Erlangen SC"]
[WhiteTeamCountry "GER"]
[BlackTeamCountry "GER"]

1. Nf3 Nf6 2. c4 g6 3. Nc3 d5 4. e3 Bg7 5. d4 0-0 6. h3 c5 7. dxc5 Qa5 8. Qb3 Na6 9. Bd2 Nxc5 10. Qb5 Qxb5 11. Nxb5 dxc4 12. Bxc4 Nfe4 13. Nc3 Nxd2 14. Nxd2 Rd8 15. Nb3 Nd3+ 16. Bxd3 Bxc3+ 17. bxc3 Rxd3 18. Rc1 b6 19. Nd4 Ba6 20. Nc6 Rd7 21. Nd4 e5 22. Nc6 f6 23. Nb4 Bc4 24. Rd1 Rxd1+ 25. Kxd1 a5 0-1